Newest Blood on the Clocktower Characters - Statistics

General Stats
  • This quiz has been taken 6 times
  • The average score is 5 of 16
Answer Stats
Hint Answer % Correct
June 27, 2024 Alsaahir
50%
August 29, 2024 Lord of Typhon
50%
June 26, 2025 Princess
50%
January 3, 2025 Wizard
50%
April 25, 2024 Banshee
25%
September 27, 2024 Boffin
25%
July 17, 2025 Cacklejack
25%
November 1, 2024 Gnome
25%
June 12, 2025 Hermit
25%
May 24, 2024 Ogre
25%
July 3, 2025 Wraith
25%
December 6, 2024 Xaan
25%
Feburary 29, 2024 Yaggababble
25%
July 26, 2024 Zealot
25%
March 21, 2024 Summoner
0%
January 25, 2024 Village Idiot
0%
No matching quizzes found
Score Distribution
Percent of People with Each Score
Percentile by Number Answered
Your Score History
You have not taken this quiz